IMF Research Bulletin, March 2008.

IMF research summaries on foreign direct investment (by Yuko Kinoshita) and on trade linkages and business cycles (by Julian di Giovanni and Andrei Levchenko); country study on Mexico (by Roberto Garcia-Saltos); listing of visiting scholars at the IMF during February-June 2008; listing of contents o...

Ausführliche Beschreibung

Bibliographische Detailangaben
Körperschaft: International Monetary Fund. Research Dept
Format: Zeitschrift
Sprache:English
Veröffentlicht: Washington, D.C. : International Monetary Fund, 2008.
Schriftenreihe:IMF Research Bulletin; IMF Research Bulletin ; No. 2008/001
Online Zugang:Full text available on IMF
LEADER 01477cas a2200241 a 4500
001 AALejournalIMF004728
008 230101c9999 xx r poo 0 0eng d
020 |c 5.00 USD 
020 |z 9781451959376 
022 |a 1020-8313 
040 |a BD-DhAAL  |c BD-DhAAL 
110 2 |a International Monetary Fund.  |b Research Dept. 
245 1 0 |a IMF Research Bulletin, March 2008. 
264 1 |a Washington, D.C. :  |b International Monetary Fund,  |c 2008. 
300 |a 1 online resource (12 pages) 
490 1 |a IMF Research Bulletin 
500 |a <strong>Off-Campus Access:</strong> No User ID or Password Required 
500 |a <strong>On-Campus Access:</strong> No User ID or Password Required 
506 |a Electronic access restricted to authorized BRAC University faculty, staff and students 
520 3 |a IMF research summaries on foreign direct investment (by Yuko Kinoshita) and on trade linkages and business cycles (by Julian di Giovanni and Andrei Levchenko); country study on Mexico (by Roberto Garcia-Saltos); listing of visiting scholars at the IMF during February-June 2008; listing of contents of Vol. 55, Issue No. 1 of IMF Staff Papers; listing of recent IMF Working Papers; and a listing of recent external publications by IMF staff. 
538 |a Mode of access: Internet 
830 0 |a IMF Research Bulletin; IMF Research Bulletin ;  |v No. 2008/001 
856 4 0 |z Full text available on IMF  |u http://elibrary.imf.org/view/journals/026/2008/001/026.2008.issue-001-en.xml  |z IMF e-Library